Normal view MARC view
  • Analytic Geometry

Entry Topical Term

Number of records used in: 1

001 - CONTROL NUMBER

  • control field: 103237

003 - CONTROL NUMBER IDENTIFIER

  • control field: NUST

005 - DATE AND TIME OF LATEST TRANSACTION

  • control field: 20221121102304.0

008 - FIXED-LENGTH DATA ELEMENTS

  • fixed length control field: 221121|| aca||aabn | a|a d

040 ## - CATALOGING SOURCE

  • Original cataloging agency: NUST
  • Transcribing agency: NUST

150 ## - HEADING--TOPICAL TERM

  • Topical term or geographic name entry element: Analytic Geometry

670 ## - SOURCE DATA FOUND

  • Source citation: Work cat.: (NUST)182001: Nielsen Kaj L 39242, Calculus and Analytic Geometry / , 1970
© 2023 Central Library, National University of Sciences and Technology. All Rights Reserved.